[Event "73rd MNE-ch 2021"]
[Site "Podgorica"]
[Date "2021.05.04"]
[Round "2.7"]
[White "Mosurovic, Milena"]
[Black "Lazarevic, Zoran V"]
[Result "0-1"]
[WhiteElo "1428"]
[BlackElo "2120"]
[Annotator "NA"]
[PlyCount "84"]
[EventDate "2021.05.03"]
[EventType "swiss"]
[EventCountry "MNE"]
[SourceTitle "playchess.com"]
[Source "ChessBase"]
[SourceQuality "1"]

1. e4 c5 2. Nc3 d6 3. Nf3 Nf6 4. e5 dxe5 5. Nxe5 e6 6. g3 Be7 7. Bg2 O-O 8. O-O Qc7 9. Nc4 a6 10. a4 Bd7 11. d3 Bc6 12. Bf4 Qd8 13. Ne5 Bxg2 14. Kxg2 Nbd7 15. Qf3 Nxe5 16. Bxe5 Qd7 17. Ne4 Nd5 18. b3 f6 19. Bb2 Nb4 20. Qe2 Qd5 21. Kg1 Rae8 22. Nc3 Qd7 23. Rae1 Bd8 24. Ne4 b6 25. f4 Nc6 26. c3 Bc7 27. Rf3 Rd8 28. Nf2 e5 29. fxe5 Bxe5 30. Re3 Rfe8 31. d4 cxd4 32. cxd4 Nxd4 33. Qc4+ Qd5 34. Qxd5+ Rxd5 35. Ng4 Nc6 36. Nxe5 Nxe5 37. Bxe5 Rdxe5 38. Kf2 Kf7 39. Kf3 Rxe3+ 40. Rxe3 Rxe3+ 41. Kxe3 Ke6 42. g4 Ke5 0-1

[Event "73rd MNE-ch 2021"]
[Site "Podgorica"]
[Date "2021.05.04"]
[Round "2.9"]
[White "Kisic, Bozidar"]
[Black "Pobor, Milo"]
[Result "1/2-1/2"]
[WhiteElo "2263"]
[BlackElo "2071"]
[Annotator "NA"]
[PlyCount "54"]
[EventDate "2021.05.03"]
[EventType "swiss"]
[EventCountry "MNE"]
[SourceTitle "playchess.com"]
[Source "ChessBase"]
[SourceQuality "1"]

1. d4 Nf6 2. Nc3 c5 3. dxc5 e6 4. e4 Nc6 5. Be3 Qa5 6. Bd3 Bxc5 7. Bxc5 Qxc5 8. Nf3 O-O 9. O-O a6 10. Qd2 b5 11. Rfe1 d6 12. a4 b4 13. Nd1 e5 14. Ne3 h6 15. b3 Be6 16. Nc4 Na5 17. Nxa5 Qxa5 18. Qe3 Nd7 19. Nd2 Nb6 20. Qg3 Rfc8 21. Nf1 Nd7 22. Ne3 Rc3 23. Nd1 Rc6 24. Ne3 Rc3 25. Nd1 Rc6 26. Bc4 Bxc4 27. bxc4 Rxc4 1/2-1/2

[Event "73rd MNE-ch 2021"]
[Site "Podgorica"]
[Date "2021.05.04"]
[Round "2.10"]
[White "Blagojevic, Dragisa"]
[Black "Petrovic, Slavko"]
[Result "1-0"]
[WhiteElo "2481"]
[BlackElo "1867"]
[Annotator "ChessBase"]
[PlyCount "43"]
[EventDate "2021.05.03"]
[EventType "swiss"]
[EventCountry "MNE"]
[SourceTitle "playchess.com"]
[Source "ChessBase"]
[SourceQuality "1"]

1. d4 d5 2. c4 e6 3. Nc3 f5 4. e3 Nf6 5. Bd3 c6 6. Nge2 Bd6 7. f3 O-O 8. O-O Qc7 9. h3 Qe7 10. Bd2 Bd7 11. Qb3 b6 12. e4 dxe4 13. fxe4 fxe4 14. Nxe4 c5 15. Nxd6 Qxd6 16. Bf4 Qe7 17. d5 e5 18. Bh2 g6 19. Rae1 Qd6 20. Qc3 Re8 21. Nc1 Na6 22. Rxe5 1-0

[Event "73rd MNE-ch 2021"]
[Site "Podgorica"]
[Date "2021.05.05"]
[Round "3.1"]
[White "Djukic, Nikola"]
[Black "Potpara, Nikola"]
[Result "1-0"]
[WhiteElo "2515"]
[BlackElo "2370"]
[Annotator "TA"]
[PlyCount "79"]
[EventDate "2021.05.03"]
[EventType "swiss"]
[EventCountry "MNE"]
[SourceTitle "playchess.com"]
[Source "ChessBase"]
[SourceQuality "1"]

{[%evp 18,79,41,37,37,30,39,39,39,39,46,39,29,27,20,25,70,47,53,51,81,66,130,121,103,53,40,48,47,-2,14,-19,-11,-22,-19,-15,-16,-29,0,-17,0,0,174,181,222,223,216,221,325,304,445,424,482,466,585,582,564,566,748,754,711,574,679,465]} 1. e4 c5 2. Nf3 d6 3. d4 cxd4 4. Nxd4 Nf6 5. Nc3 Nc6 6. Bg5 e6 7. Qd2 a6 8. O-O-O Bd7 {8...Bd7 is better than 8...h6.} 9. f3 Be7 10. h4 h6 {B67: Sicilian: Richter-Rauzer: 7...a6 8 0-0-0 Bd7, lines without 9 f4 Be7.} 11. Be3 h5 12. Nxc6 Bxc6 {White is slightly better.} 13. Bg5 Qc7 14. Kb1 Rc8 15. Bd3 b5 16. Ne2 Bd7 {[#]} 17. Nf4 $146 ({Predecessor:} 17. Rhe1 a5 18. Nd4 Qb6 19. Be3 Qb7 20. Qxa5 Ra8 21. Qc3 b4 22. Qd2 O-O 23. Nb3 {0-1 (34) Powierski,E (2019)-Korba,R (2213) Hamburg 2011}) 17... Qc5 18. Rc1 Bc6 19. Rhe1 Bb7 (19... Nd7 $14) 20. c4 $16 b4 21. Ne2 Nd7 22. Be3 Qc7 23. Nf4 Nc5 24. Be2 a5 25. g3 Bf6 26. Red1 Rd8 27. Nd3 O-O 28. Bg5 {[#] And now Bxf6 would win.} Qe7 29. Qe3 {Strongly threatening Bxf6.} e5 $2 (29... Bxg5 $11 {and Black is okay.} 30. hxg5 e5) 30. Bxf6 $18 Qxf6 31. Nxc5 dxc5 32. Qxc5 Bc6 (32... Ra8 {was necessary.} 33. Qc7 Ra7) 33. Qxa5 Rxd1 (33... Rb8 $142 34. c5 Rfd8) 34. Rxd1 {[%cal Bc1d1,Bd1d8,Bd8h8][%mdl 32] White is clearly winning.} ({Less strong is} 34. Bxd1 Qd6 $18) 34... Qg6 35. Qxe5 {[#] Hoping for Rd6.} Re8 36. Qd6 Re6 37. Qb8+ Kh7 38. Rd8 {[%csl Gb8][%cal Rd8h8]} Qf6 39. Rh8+ Kg6 40. Qf4 {Weighted Error Value: White=0.07/Black=0.34} 1-0

[Event "73rd MNE-ch 2021"]
[Site "Podgorica"]
[Date "2021.05.05"]
[Round "3.2"]
[White "Draskovic, Luka"]
[Black "Popadic, Dragan"]
[Result "1-0"]
[WhiteElo "2472"]
[BlackElo "2157"]
[Annotator "ChessBase"]
[PlyCount "55"]
[EventDate "2021.05.03"]
[EventType "swiss"]
[EventCountry "MNE"]
[SourceTitle "playchess.com"]
[Source "ChessBase"]
[SourceQuality "1"]

1. Nf3 Nf6 2. g3 g6 3. Bg2 Bg7 4. O-O O-O 5. d4 d6 6. c4 Nbd7 7. Nc3 e5 8. e4 exd4 9. Nxd4 Re8 10. h3 a6 11. Qc2 Rb8 12. Rd1 c5 13. Nf3 Qc7 14. Bf4 Bf8 15. Rd2 b5 16. Rad1 Rb6 17. a4 bxc4 18. a5 Rb8 19. Rxd6 Bxd6 20. Bxd6 Qa7 21. e5 Rb4 22. exf6 Nxf6 23. Be5 Bf5 24. Qc1 Nd7 25. Nd5 Rxe5 26. Nxe5 Nxe5 27. Qh6 Nd7 28. Nf6+ 1-0

[Event "73rd MNE-ch 2021"]
[Site "Podgorica"]
[Date "2021.05.05"]
[Round "3.4"]
[White "Tomic, Aleksandar"]
[Black "Kisic, Bozidar"]
[Result "1-0"]
[WhiteElo "2377"]
[BlackElo "2263"]
[Annotator "TA"]
[PlyCount "191"]
[EventDate "2021.05.03"]
[EventType "swiss"]
[EventCountry "MNE"]
[SourceTitle "playchess.com"]
[Source "ChessBase"]
[SourceQuality "1"]

{[%evp 17,191,46,51,49,40,38,51,54,66,74,66,62,71,53,66,58,66,48,67,67,65,60,62,58,71,59,102,79,83,26,79,26,26,33,47,41,47,43,44,46,46,15,9,9,14,0,7,12,13,12,30,20,30,14,33,12,12,12,12,9,9,9,9,10,6,5,5,0,0,0,5,5,5,5,37,37,37,37,37,37,37,37,37,37,37,37,37,37,37,37,37,37,37,37,37,37,371,326,274,0,0,0,0,0,268,0,712,673,373,314,637,595,507,37,427,0,0,0,0,0,0,0,0,0,0,0,37,37,37,37,37,37,37,0,37,37,458,456,355,37,37,0,37,37,155,147,140,133,124,105,1862,1591,1619,1591,88,88,29941,29943,29937,29940,29937,12848,29957,29953,12029,12427,12724,6285,5447,5406,29974,29975,29975,29976,29974,12755]} 1. d4 d5 2. c4 e6 3. Nf3 dxc4 4. g3 Nf6 5. Bg2 a6 6. O-O Be7 7. Ne5 O-O 8. Nxc4 Nc6 9. e3 Rb8 {[#]} 10. a3 $146 {E04: Open Catalan: 5 Nf3.} ({Predecessor:} 10. b3 Na7 11. a4 b6 12. Nc3 c5 13. Qe2 Bb7 14. Rd1 Bxg2 15. Kxg2 cxd4 16. Rxd4 Qc7 17. Bb2 Rfd8 18. Rxd8+ Rxd8 {½-½ (84) Ortega,M (2465)-Chernyak,V (2186) Barcelona 2016}) 10... Qd7 11. Qc2 Rd8 12. Bd2 {White is slightly better.} Nd5 13. Nc3 b6 14. Rfd1 Bb7 15. Be1 Qe8 16. e4 Nxc3 17. Bxc3 Na7 18. d5 Nb5 19. Be5 f6 20. Bf4 e5 21. Be3 Qg6 22. a4 Nd6 23. Na3 ({White should try} 23. a5 $16) 23... Ne8 (23... Rdc8 $11) 24. Bh3 (24. Qb3 $16 {And now d6+ would win.} Nd6 25. Rac1) 24... Bc8 $11 25. Bxc8 Rbxc8 26. f3 Nd6 27. Nc4 h5 28. Nxd6 Bxd6 29. Qd3 a5 30. Rac1 Rf8 31. Rc6 {Threatens to win with Bxb6!} Rcd8 32. Kg2 Qe8 33. h3 Kh7 34. g4 g6 35. b3 Qd7 36. Kh2 Rf7 37. Rg1 Rg8 38. Rc2 f5 39. gxf5 gxf5 40. Rxg8 Kxg8 41. Rg2+ Rg7 42. Qc2 f4 43. Bg1 Rxg2+ (43... Kh7 {is interesting.} 44. Bf2 Rxg2+ 45. Kxg2 Qg7+ 46. Kh1 Qd7) 44. Qxg2+ Qg7 45. Bf2 Qxg2+ (45... Bb4 {keeps more tension.} 46. Bh4 Qxg2+ 47. Kxg2 Kf7 48. Bd8 Bd6) 46. Kxg2 {[%mdl 4096] Endgame KB-KB} Kf7 47. Kf1 Ke7 48. Ke2 Kd7 49. Kd3 Bb4 50. Kc4 Bd2 51. Kb5 Bb4 52. Bh4 Bc3 53. Bf6 Kd6 54. Bg7 Kd7 55. Bf8 Bd4 56. Ba3 Be3 $2 {[%mdl 8192]} (56... Bc3 $14) 57. Bb2 $1 $18 Kd6 58. Ka6 $2 (58. b4 $1 $18 {[%cal Rb4a5]}) 58... Bd4 $11 59. Ba3+ Kd7 60. Kb7 Be3 $2 {[%mdl 8192]} (60... Bc3 $1 $11 {and Black stays safe.}) 61. Bf8 $2 ({Only move:} 61. b4 $18) 61... Bd4 $2 {[%mdl 8192]} (61... Bd2 $11) 62. b4 $1 $18 {[%cal Rb4b5]} Bc3 63. bxa5 Bxa5 $2 (63... bxa5 64. Bg7 Bd4) 64. Ba3 $1 {[%cal Ra3b2]} Bc3 65. Bc1 $1 Kd6 $2 {[%mdl 8192]} ({Better is} 65... Ba5 $1 $14) 66. Ba3+ $2 (66. Kc8 $1 $18 {With the idea Ba3+.} Bb4 67. Bb2) 66... Kd7 $11 67. Bf8 Ba5 68. Bg7 Bc3 69. Bf6 Bd4 70. Bh4 {Threatening Be1.} Bc3 $1 71. Bf2 Ba5 72. Ka6 Kd6 73. Kb5 Kd7 74. Bh4 Bd2 75. Bf2 Ba5 {[#]} 76. Bc5 $1 Kc8 $2 {[%mdl 8192]} ({Black should play} 76... Bc3 $14 77. Bf8 Be1) (76... Bd2 77. Ba3) 77. Ba3 $1 $18 Kd7 78. Bf8 $2 ({White must play} 78. Bb2 $18) 78... Bc3 79. Ba3 Bd4 80. Bb4 Be3 (80... Bb2 $14) 81. Bc3 $1 $16 {[%cal Rc3e5]} Kd6 {[#]} 82. Ka6 $1 Bd4 83. Bb4+ Kd7 $2 {[%mdl 8192] [#]} (83... Bc5 $16 84. Bxc5+ Kxc5) 84. Kb7 $1 $18 Bb2 85. a5 bxa5 86. Bxa5 Bd4 $2 {[%mdl 8192]} (86... Ba1 $16 87. Bxc7 Bc3) 87. Bxc7 Bc3 88. Bb8 Bd4 89. Ka6 Kc8 90. Bd6 Kd7 91. Bb4 Bb2 92. Kb5 Bd4 93. Kc4 Ba7 94. Bc5 {White mates.} Bb8 95. d6 Kc6 96. Kb4 {Weighted Error Value: White=0.11/Black=0.28} (96. h4 $142 Bxd6 97. Bxd6 Kxd6 98. Kb5 Ke7 99. Kc5 Ke6 100. Kc6 Kf7 101. Kd5) 1-0

[Event "73rd MNE-ch 2021"]
[Site "Podgorica"]
[Date "2021.05.05"]
[Round "3.5"]
[White "Pobor, Milo"]
[Black "Pecurica, Milos"]
[Result "0-1"]
[WhiteElo "2071"]
[BlackElo "2328"]
[Annotator "NA"]
[PlyCount "54"]
[EventDate "2021.05.03"]
[EventType "swiss"]
[EventCountry "MNE"]
[SourceTitle "playchess.com"]
[Source "ChessBase"]
[SourceQuality "1"]

1. e4 e6 2. d4 d5 3. Nc3 Nf6 4. Bg5 dxe4 5. Nxe4 Be7 6. Bxf6 gxf6 7. Nf3 f5 8. Nc3 a6 9. Qd3 b5 10. O-O-O Bb7 11. Kb1 Nd7 12. d5 Bf6 13. dxe6 fxe6 14. Qe3 Qe7 15. Nd4 Bxd4 16. Rxd4 O-O-O 17. a4 c5 18. Rd2 b4 19. Nd5 Qf7 20. Nf4 e5 21. Rxd7 Rxd7 22. Qxc5+ Rc7 23. Qa7 exf4 24. Bxa6 Qf6 25. Qa8+ Kd7 26. Bb5+ Ke7 27. Qa7 Qd6 0-1

[Event "73rd MNE-ch 2021"]
[Site "Podgorica"]
[Date "2021.05.05"]
[Round "3.6"]
[White "Djurovic, Peko"]
[Black "Vujacic, Igor"]
[Result "1-0"]
[WhiteElo "2058"]
[BlackElo "2207"]
[Annotator "NA"]
[PlyCount "65"]
[EventDate "2021.05.03"]
[EventType "swiss"]
[EventCountry "MNE"]
[SourceTitle "playchess.com"]
[Source "ChessBase"]
[SourceQuality "1"]

1. e4 d5 2. exd5 Qxd5 3. Nc3 Qd8 4. d4 Nf6 5. Nf3 Bg4 6. h3 Bxf3 7. Qxf3 c6 8. Be3 e6 9. O-O-O Bb4 10. Ne4 Nxe4 11. Qxe4 Qd5 12. Qxd5 cxd5 13. c4 dxc4 14. d5 exd5 15. Rxd5 O-O 16. Rb5 Nc6 17. Rxb7 Bd6 18. Rd7 Be5 19. Bxc4 Rac8 20. Kb1 Nb8 21. Re7 Nc6 22. Rd7 Nb8 23. Rd5 Bxb2 24. Bc5 Rxc5 25. Rxc5 Bd4 26. Rc7 Bb6 27. Rb7 Nc6 28. Rc1 Na5 29. Rd7 Nxc4 30. Rxc4 Bxf2 31. Rcc7 h5 32. a4 Be1 33. Rxa7 1-0

[Event "73rd MNE-ch 2021"]
[Site "Podgorica"]
[Date "2021.05.05"]
[Round "3.7"]
[White "Abramovic, Dragoljub"]
[Black "Blagojevic, Dragisa"]
[Result "0-1"]
[WhiteElo "2012"]
[BlackElo "2481"]
[Annotator "TA"]
[PlyCount "112"]
[EventDate "2021.05.03"]
[EventType "swiss"]
[EventCountry "MNE"]
[SourceTitle "playchess.com"]
[Source "ChessBase"]
[SourceQuality "1"]

{[%evp 13,112,2,12,-27,-29,-27,-17,-33,-26,-51,-16,-2,-12,-17,-29,-35,15,16,36,-6,-13,-28,-31,-50,-20,-58,-70,-60,-59,-64,-57,-58,-58,-80,-68,-68,-68,-67,-67,-67,-63,-104,-103,-104,-91,-103,-101,-101,-93,-101,-104,-107,-96,-113,-103,-131,-126,-142,-142,-143,-143,-147,-128,-143,-133,-143,-143,-155,-146,-147,-139,-183,-183,-183,-183,-181,-179,-241,-227,-230,-202,-281,-287,-317,-316,-269,-266,-379,-369,-5097,-500,-420,-386,-366,-345,-1852,-1703,-1504,-1503,-732,-416]} 1. d4 d5 2. c4 e6 3. Nc3 c6 4. e3 Nf6 5. Nf3 Nbd7 6. Qc2 Bd6 7. Bd3 O-O 8. e4 {D46: Semi-Slav: 5 e3 Nbd7 6 Bd3, Black avoids the Meran.} dxc4 9. Bxc4 {[#] aiming for e5.} e5 10. dxe5 {The position is equal.} Nxe5 11. Be2 {[#]} Bg4 $146 ({Predecessor:} 11... Nxf3+ 12. Bxf3 Qc7 13. h3 Qe7 14. Be3 Rd8 15. O-O-O Be6 16. Rhe1 Be5 17. Kb1 Qc7 18. Rxd8+ Rxd8 {0-1 (26) Dunn,A (2228)-Lenderman,A (2581) London 2016}) 12. Nxe5 Bxe5 13. f3 Be6 14. Be3 Nh5 15. g3 Bh3 16. f4 Bxc3+ 17. bxc3 Nf6 {...Bg2 is the strong threat.} 18. Bf3 Re8 19. Kf2 Qe7 {[%cal Rf6e4]} 20. Rhe1 Nxe4+ 21. Bxe4 Qxe4 22. Qxe4 Rxe4 23. Bxa7 Rxe1 24. Rxe1 $15 {[%mdl 4096] Endgame KRB-KRB} Be6 25. Bd4 Rxa2+ 26. Re2 Ra8 27. Rb2 b5 28. Ke3 Ra4 29. Rd2 h6 30. Rf2 Bf5 31. Rb2 Ra3 32. Kd2 Be6 33. Ke2 Kh7 34. Kd2 Kg6 35. Ke2 f6 36. Kf2 h5 37. Re2 Kf7 38. Rd2 Ra4 39. Rb2 Kg6 40. Bc5 Rc4 41. Bb4 Kf5 42. Re2 c5 43. Ba5 b4 44. cxb4 cxb4 45. h3 (45. Rb2 {was called for.}) 45... Bd5 $19 46. Rd2 Ke6 47. Ke3 b3 48. Kd3 h4 49. gxh4 Rxf4 50. Re2+ (50. Rh2 {was worth a try.}) 50... Kf7 51. Re3 $2 {[#]} (51. Bc7 Rxh4 52. Rf2) 51... Bc4+ (51... b2 $142 52. Kc2 Rf2+ 53. Kb1 Be6 54. Rxe6 Kxe6) 52. Kc3 Rxh4 53. Kb2 Be6 54. Be1 $2 (54. Bc3) 54... Ra4 {Black is clearly winning.} 55. Bc3 Ra2+ 56. Kc1 Rh2 {Weighted Error Value: White=0.49/Black=0.23} 0-1

[Event "73rd MNE-ch 2021"]
[Site "Podgorica"]
[Date "2021.05.05"]
[Round "3.8"]
[White "Podlesnik, Bogdan"]
[Black "Dedeic, Huso"]
[Result "1-0"]
[WhiteElo "2356"]
[BlackElo "1980"]
[Annotator "NA"]
[PlyCount "64"]
[EventDate "2021.05.03"]
[EventType "swiss"]
[EventCountry "MNE"]
[SourceTitle "playchess.com"]
[Source "ChessBase"]
[SourceQuality "1"]

1. e4 d6 2. d4 Nf6 3. Nc3 g6 4. f4 Bg7 5. Nf3 O-O 6. Be2 c5 7. O-O cxd4 8. Nxd4 Qb6 9. Be3 Ng4 10. Bxg4 Bxg4 11. Qd2 Qd8 12. f5 Bxd4 13. Bxd4 e5 14. Be3 gxf5 15. Bh6 f4 16. Bxf8 Kxf8 17. g3 Nc6 18. gxf4 Qb6+ 19. Qf2 Nd4 20. Nd5 Qxb2 21. c3 Ne2+ 22. Kh1 Qc2 23. Qe3 exf4 24. Nxf4 Nxc3 25. Ng2 Nxe4 26. Rac1 Qe2 27. Qf4 f5 28. Rce1 Qxe1 29. Nxe1 Ke7 30. Ng2 Rg8 31. Ne3 Bh3 32. Nxf5+ Kd7 1-0

[Event "73rd MNE-ch 2021"]
[Site "Podgorica"]
[Date "2021.05.05"]
[Round "3.9"]
[White "Koljevic, Nikolina"]
[Black "Musovic, Armin"]
[Result "1/2-1/2"]
[WhiteElo "1931"]
[BlackElo "2258"]
[Annotator "NA"]
[PlyCount "70"]
[EventDate "2021.05.03"]
[EventType "swiss"]
[EventCountry "MNE"]
[SourceTitle "playchess.com"]
[Source "ChessBase"]
[SourceQuality "1"]

1. e4 c6 2. d4 g6 3. Nf3 Bg7 4. Bd3 d5 5. e5 c5 6. c3 Nc6 7. O-O cxd4 8. cxd4 Bg4 9. Nbd2 Nh6 10. Nb3 Nf5 11. Be3 Nxe3 12. fxe3 O-O 13. Qe1 Bxf3 14. Rxf3 e6 15. Rc1 Bxe5 16. Bb5 Bg7 17. Bxc6 bxc6 18. Rxc6 Rb8 19. Qc3 e5 20. Qc5 exd4 21. exd4 Qh4 22. Qxd5 Rbd8 23. Rd6 Rxd6 24. Qxd6 Rd8 25. Qf4 Qe1+ 26. Rf1 Qe7 27. Qf2 a5 28. a4 f5 29. Qe1 Bxd4+ 30. Nxd4 Qxe1 31. Rxe1 Rxd4 32. b3 Rd3 33. Re5 Rxb3 34. Rxa5 Rb2 35. Ra7 Ra2 1/2-1/2

[Event "73rd MNE-ch 2021"]
[Site "Podgorica"]
[Date "2021.05.05"]
[Round "3.10"]
[White "Lazarevic, Zoran V"]
[Black "Sukovic, Andrej"]
[Result "0-1"]
[WhiteElo "2120"]
[BlackElo "2283"]
[Annotator "TA"]
[PlyCount "80"]
[EventDate "2021.05.03"]
[EventType "swiss"]
[EventCountry "MNE"]
[SourceTitle "playchess.com"]
[Source "ChessBase"]
[SourceQuality "1"]

{[%evp 13,80,14,21,11,11,11,7,7,15,15,22,0,0,0,0,-27,0,0,0,-24,-27,-45,0,-6,0,-14,-16,-95,-18,-92,-78,-133,-131,-155,-164,-167,-163,-170,-162,-219,-207,-199,-195,-202,-198,-204,-189,-175,-156,-231,-243,-439,-427,-1867,-1688,-29981,-5620,-29987,-29982,-29984,-319,-319,-319,-319,-295,-29946,-4927,-29982,-29983]} 1. e4 c5 2. Nf3 d6 3. d4 cxd4 4. Nxd4 Nf6 5. Nc3 a6 6. Rg1 e5 7. Nb3 Be6 8. g4 {B90: Sicilian Najdorf: Unusual White 6th moves, 6 Be3 Ng4 and 6 Be3 e5.} d5 9. exd5 {9.exd5 scores better than 9.g5.} Nxd5 10. Nxd5 {The position is equal.} Qxd5 11. Qxd5 Bxd5 {[#]} 12. Bd2 $146 ({Predecessor:} 12. Be3 Nc6 13. O-O-O O-O-O 14. Bb6 Rd6 15. g5 Be6 16. Rxd6 Bxd6 17. Nc5 Bxc5 18. Bxc5 {½-½ (37) So,W (2770)-Duda,J (2743) Chess.com INT 2020}) 12... Nc6 13. O-O-O O-O-O 14. Bd3 Bb4 15. Bf5+ Kc7 16. Bxb4 Nxb4 17. c3 Nc6 18. Nd2 Ne7 19. Bc2 Ng6 (19... Bxa2 $6 20. b3 $16) 20. Bb3 (20. Rde1 $11) 20... Bc6 (20... Nf4 $17 21. Kc2 Bc6) 21. Nc4 (21. Bxf7 $11 Nf4 22. Bc4) 21... Nf4 $17 {...Ne2+ is the strong threat. White is now going downhill.} 22. Rxd8 (22. Rgf1 $142) 22... Rxd8 23. Kb1 f6 24. h4 b5 25. Ne3 Rd2 26. Bc2 (26. Rf1 {keeps fighting.}) 26... Rxf2 $19 27. g5 Ng2 28. gxf6 gxf6 (28... Nxe3 29. fxg7 Bd5 30. Bxh7 $11) 29. Nxg2 Bxg2 (29... Rxg2 30. Rxg2 Bxg2 31. Bxh7 $14) 30. Bxh7 {[%mdl 4096] Endgame KRB-KRB} Bf3 31. Rg7+ (31. Kc1 $17) 31... Kd6 32. Ra7 $2 (32. Rg8 {was called for.}) 32... e4 {aiming for ...e3.} 33. h5 (33. Rxa6+ $142 Ke5 34. Ra7) 33... e3 34. Rxa6+ Ke5 (34... Ke7 $142 35. Ra7+ Kd8 36. Bd3 {[#]} Be4 $1 {[%mdl 512]} 37. Ra8+ Ke7 38. a4 e2 $1 39. Ka2 e1=Q 40. Ra7+ Kd6 41. Ra6+ Ke5 42. Kb3 Bxd3 43. Rc6 bxa4+ 44. Ka3 Qa1+ {[%mdl 64] Double Attack} 45. Kb4 Qxb2+ 46. Kxa4 Qa1+ 47. Kb4 Rb2+ 48. Kc5 Qg1#) 35. Bd3 Rh2 36. a4 e2 $2 (36... Be4 {mates} 37. Bxe4 e2 38. Ka2 e1=Q 39. Kb3 Qe2 40. Kb4 Qxb2+ 41. Kc5 Qxc3+ 42. Kb6 Kxe4 43. Kb7 Rxh5 44. Re6+ Kd5 45. Re7 Qc6+ 46. Ka7 Rh8 47. Rb7 Qc5+ 48. Rb6 bxa4 49. Kb7 Qc8+ 50. Ka7 Qa8#) 37. Bxe2 Bxe2 38. axb5 f5 {White must now prevent ...f4.} ({Don't play} 38... Bxh5 39. Ka2 $19) ({Weaker is} 38... Bxb5 39. Ra5 $11) ({Much less strong is} 38... Rxh5 39. Ra5 $19) 39. h6 $2 (39. Ra8 $19) 39... f4 40. Rc6 f3 {Weighted Error Value: White=1.12/Black=0.37} 0-1

[Event "73rd MNE-ch 2021"]
[Site "Podgorica"]
[Date "2021.05.05"]
[Round "3.11"]
[White "Scekic, Veljko"]
[Black "Popovic, Mateja"]
[Result "1-0"]
[WhiteElo "2224"]
[BlackElo "1723"]
[Annotator "NA"]
[PlyCount "113"]
[EventDate "2021.05.03"]
[EventType "swiss"]
[EventCountry "MNE"]
[SourceTitle "playchess.com"]
[Source "ChessBase"]
[SourceQuality "1"]

1. Nf3 d5 2. b3 Nf6 3. g3 g6 4. Bb2 Bg7 5. c4 e6 6. Bg2 O-O 7. O-O Nbd7 8. d4 c5 9. cxd5 exd5 10. Nc3 cxd4 11. Nxd4 Ne5 12. Rc1 Nc6 13. Nxc6 bxc6 14. Na4 Qd6 15. e4 Qe7 16. exd5 Rd8 17. d6 Rxd6 18. Ba3 Rxd1 19. Bxe7 Rxf1+ 20. Kxf1 Nd5 21. Bc5 Bd7 22. Ba3 Re8 23. Nc5 Bf5 24. Na4 Bh6 25. Ra1 Bd2 26. Bf3 Bd3+ 27. Kg2 Re1 28. Rxe1 Bxe1 29. Bc5 a5 30. Nb6 Bb1 31. Nxd5 cxd5 32. a4 Be4 33. Bxe4 dxe4 34. Kf1 Bc3 35. Ke2 f5 36. Be3 Be5 37. Kd2 Kf7 38. Bb6 Ke6 39. Bxa5 Kd5 40. Bb6 Bd6 41. Be3 Bb4+ 42. Ke2 Ba3 43. a5 Kc6 44. a6 Kc7 45. a7 Kb7 46. Bd4 Bb4 47. Ke3 g5 48. g4 fxg4 49. Kxe4 Bd6 50. Kf5 h6 51. Kxg4 Bxh2 52. f3 Bd6 53. Bg7 Kxa7 54. Bxh6 Kb6 55. Bxg5 Bb4 56. Kf5 Kb5 57. Ke4 1-0

[Event "73rd MNE-ch 2021"]
[Site "Podgorica"]
[Date "2021.05.05"]
[Round "3.13"]
[White "Malisic, Miroslav"]
[Black "Djokovic, Mirsad"]
[Result "0-1"]
[WhiteElo "1832"]
[BlackElo "2127"]
[Annotator "NA"]
[PlyCount "62"]
[EventDate "2021.05.03"]
[EventType "swiss"]
[EventCountry "MNE"]
[SourceTitle "playchess.com"]
[Source "ChessBase"]
[SourceQuality "1"]

1. e4 c6 2. Bc4 d5 3. exd5 cxd5 4. Bb3 Nf6 5. d4 Bf5 6. Bg5 e6 7. Qe2 Nc6 8. c3 Be7 9. Bc2 Bxc2 10. Qxc2 Rc8 11. Qd3 Qb6 12. b3 e5 13. Bxf6 Bxf6 14. dxe5 Nxe5 15. Qe3 d4 16. cxd4 Rc1+ 17. Kd2 Qc6 18. Nc3 Rxa1 19. dxe5 Be7 20. Qe4 Rxa2+ 21. Kd3 Rxf2 22. Qxc6+ bxc6 23. Nge2 Rxg2 24. Nd4 Kd7 25. Ne4 Rb8 26. Ra1 Rb7 27. Ra6 Rxh2 28. Nxc6 Rh3+ 29. Kc4 Rh4 30. Nxe7 Rxe4+ 31. Kd5 Reb4 0-1

[Event "73rd MNE-ch 2021"]
[Site "Podgorica"]
[Date "2021.05.05"]
[Round "3.14"]
[White "Malisic, Miodrag"]
[Black "Karisik, Nenad"]
[Result "0-1"]
[WhiteElo "1839"]
[BlackElo "2123"]
[Annotator "NA"]
[PlyCount "58"]
[EventDate "2021.05.03"]
[EventType "swiss"]
[EventCountry "MNE"]
[SourceTitle "playchess.com"]
[Source "ChessBase"]
[SourceQuality "1"]

1. e4 e5 2. Nf3 Nc6 3. d4 exd4 4. Nxd4 Nf6 5. Nc3 Bb4 6. Bg5 h6 7. Nxc6 bxc6 8. Bd2 O-O 9. Bd3 Re8 10. Qe2 d5 11. f3 dxe4 12. Nxe4 Nxe4 13. fxe4 Qh4+ 14. g3 Bxd2+ 15. Kxd2 Qg5+ 16. Qe3 Qa5+ 17. c3 Rb8 18. Kc2 Be6 19. c4 Rxb2+ 20. Kxb2 Rb8+ 21. Kc2 Qa4+ 22. Kd2 Rb2+ 23. Ke1 Qb4+ 24. Kf1 Bh3+ 25. Kg1 Rg2+ 26. Kf1 Rxa2+ 27. Kg1 Rxa1+ 28. Kf2 Qb2+ 29. Be2 Rxh1 0-1

[Event "73rd MNE-ch 2021"]
[Site "Podgorica"]
[Date "2021.05.05"]
[Round "3.15"]
[White "Jeknic, Velimir"]
[Black "Obadovic, Zeljko"]
[Result "1-0"]
[WhiteElo "1956"]
[BlackElo "1788"]
[Annotator "NA"]
[PlyCount "85"]
[EventDate "2021.05.03"]
[EventType "swiss"]
[EventCountry "MNE"]
[SourceTitle "playchess.com"]
[Source "ChessBase"]
[SourceQuality "1"]

1. e4 c6 2. d4 d5 3. e5 Bf5 4. g4 Be4 5. f3 Bg6 6. h4 h5 7. e6 fxe6 8. Bd3 Bxd3 9. Qxd3 hxg4 10. fxg4 Qd6 11. Ne2 e5 12. dxe5 Qxe5 13. Qg6+ Kd8 14. Nbc3 Nd7 15. g5 Qd6 16. Nf4 Ne5 17. Qf5 Ke8 18. Ne6 Nf3+ 19. Kf2 Rxh4 20. Kxf3 Rxh1 21. Bf4 Qxe6 22. Qxe6 Rxa1 23. Qxg8 Kd7 24. Ne2 Re8 25. Be5 Rf1+ 26. Kg3 Rf5 27. Bf4 e5 28. Bd2 e4 29. Bf4 c5 30. Kg4 Bd6 31. Qxg7+ Re7 32. Qg6 Rxf4+ 33. Nxf4 Bxf4 34. Qf5+ Re6 35. Kxf4 Kd6 36. Ke3 d4+ 37. Ke2 c4 38. Qf8+ Kd5 39. g6 e3 40. g7 d3+ 41. cxd3 cxd3+ 42. Kxd3 e2 43. Qf3+ 1-0